[Event "NOR-ch"]
[Site "Gausdal"]
[Date "1985.??.??"]
[Round "6"]
[White "Bjerke, Richard"]
[Black "Jansson, Joran"]
[Result "1/2-1/2"]
[WhiteElo "2275"]
[BlackElo "2200"]

1.d4 g6 2.c4 Bg7 3.Nc3 Nf6 4.e4 O-O 5.Nf3 d6 6.Be2 e5 7.dxe5 dxe5 8.Qxd8 Rxd8
9.Bg5 Re8 10.Nd5 Nxd5 11.cxd5 c6 12.Bc4 b5 13.Bb3 Bb7 14.Rc1 cxd5 15.Rc7 Bc6
16.exd5 Bd7 17.d6 e4 18.Nd2 Be5 19.Bd5 Bxd6 20.Rc2 Na6 21.Bxa8 Nb4 22.Rc3 Rxa8
23.Nxe4 Be5 24.Nf6+ Bxf6 25.Bxf6 Nd5 26.Bd4 Nxc3 27.Bxc3 Be6 28.a3 Bc4 29.Kd2 Re8
30.Bd4 Bd5 31.f3 a6 32.h4 Bc4  1/2-1/2

[Event "NOR-ch"]
[Site "Gausdal"]
[Date "1985.??.??"]
[Round "6"]
[White "Ostenstad, Berge"]
[Black "Moen, Ole Christian"]
[Result "1/2-1/2"]
[WhiteElo "2365"]
[BlackElo "2285"]

1.d4 Nf6 2.Nf3 g6 3.c4 Bg7 4.Nc3 O-O 5.e4 d6 6.Be2 e5 7.O-O Nbd7 8.Qc2 a5
9.Rd1 Re8 10.dxe5 dxe5 11.Be3 c6 12.Na4 Qe7 13.Nd2 h5 14.c5 Ng4 15.Bxg4 hxg4
16.Nc4 Rd8 17.Qd2 Bf6 18.Qe2 Rb8 19.Nxa5 Nf8 20.Nc4 Ne6 21.Rxd8+ Qxd8 22.Rd1 Qe7
23.Nab6 Nd4 24.Bxd4 exd4 25.e5 Bf5 26.Qd2 Bxe5 27.Nxe5 Qxe5 28.Qxd4 Re8 29.Qxe5 Rxe5
30.b4 Re2 31.a3 Ra2 32.Nc4 Be6 33.Na5 Rxa3 34.Kf1 Ra4 35.Rd4 f5 36.Nxb7 Bd5
37.h3 gxh3 38.gxh3 Bf3 39.Ke1 Ra2 40.Rf4 Be4 41.h4 Rb2 42.f3 Bd5 43.Nd6 Kg7
44.h5 Be6 45.hxg6 Kxg6 46.Rd4 Kg5 47.Kf1 Bd5 48.b5 Bxf3 49.b6 f4 50.Ra4 Be2+
51.Ke1 f3 52.Ra8 Bd3 53.Rf8 Kg4 54.b7 Kg3 55.Ne4+ Bxe4 56.Rg8+  1/2-1/2

[Event "Havana-A"]
[Site "Havana"]
[Date "1985.??.??"]
[Round "?"]
[White "Schussler, Harry"]
[Black "Pinal, Nelson Borges"]
[Result "1-0"]
[WhiteElo "2455"]
[BlackElo "2405"]

1.d4 Nf6 2.c4 g6 3.Nc3 Bg7 4.e4 d6 5.Nf3 O-O 6.Be2 e5 7.Be3 Qe7 8.dxe5 dxe5
9.Nd5 Nxd5 10.cxd5 c6 11.d6 Qe6 12.Ng5 Qf6 13.Bc4 Nd7 14.h4 b5 15.Bb3 h6
16.Nh7 Qd8 17.Nxf8 Nxf8 18.Rc1 Bd7 19.Qd2 h5 20.Bg5 Qe8 21.O-O Ne6 22.Bxe6 Qxe6
23.b3 a5 24.f3 a4 25.b4 Kh7 26.a3 Rg8 27.Rfe1 Re8 28.Rc5 Bf8 29.Rc3 Rc8 30.Rd1 Bg7
31.Qd3 Kg8 32.Be3 Qf6 33.Qc2 Bf8 34.Bg5 Qe6 35.Rcd3 Bg7 36.Qc5 Kh7 37.Qa7 Kg8
38.Re1 Kh7 39.Rc1 Kg8 40.Qf2 Bf8 41.Be3 Re8 42.Qd2 Bg7 43.Rc5 Rc8 44.Qc2 Bf8
45.Qd2 Bg7 46.Bf2 Kh7 47.Bg3 f6 48.Bf2 Bh6 49.Be3 Bf8 50.Rc2 Rd8 51.Qc1 Rc8
52.Rcd2 Rb8 53.Qc5 Rb7 54.Rf2 Bg7 55.Bc1 Qe8 56.Rc2 Qe6 57.Qf2 Qe8 58.Be3 Qe6
59.Bb6 Bh6 60.Bc7 Bf8 61.Rdc3 Bxd6 62.Bxd6 Qxd6 63.Rd2 Qe7 64.Rcd3 Kg7 65.Rd6 Qe8
66.f4 exf4 67.Qxf4 Qe7 68.Rf2 Qe5 69.Qxf6+ Qxf6 70.Rdxf6 Bf5 71.Rxc6 Bxe4
72.Rc5 Bd3 73.Rf3 Rd7 74.Re5 Bc4 75.Kh2 Bd3 76.Rf4 Bc4 77.Ree4 Bf7 78.Rd4 Re7
79.Rfe4 Rc7 80.Re5 Bc4 81.Rd6 Rb7 82.Rc6 Bf7 83.Rd6 Bc4 84.Kg3 Kh6 85.Rg5 Bf7
86.Kf4 Kg7 87.Rc5 Kh6 88.Rdc6 Rd7 89.Rc7 Rd8  1-0

[Event "Havana-A"]
[Site "Havana"]
[Date "1985.??.??"]
[Round "?"]
[White "Schussler, Harry"]
[Black "Pecorelli Garcia, Humberto"]
[Result "1-0"]
[WhiteElo "2455"]
[BlackElo "2435"]

1.d4 Nf6 2.c4 g6 3.Nc3 Bg7 4.e4 d6 5.Nf3 O-O 6.Be2 Nbd7 7.O-O e5 8.Re1 exd4
9.Nxd4 Nc5 10.f3 c6 11.Be3 a5 12.Qd2 Qe7 13.Bf1 Nfd7 14.Bh6 Bxh6 15.Qxh6 Qf6
16.Rad1 Ne5 17.Nc2 Rd8 18.Qd2 Be6 19.Ne3 h5 20.Be2 a4 21.Rf1 Qf4 22.g3 Qh6
23.f4 Ng4 24.Bxg4 Bxg4 25.Nxg4 hxg4 26.Qf2 b6 27.Rd4 Qg7 28.Rfd1 a3 29.e5 axb2
30.Qxb2 g5 31.Rxd6 Rxd6 32.exd6 gxf4 33.d7 Ne6 34.gxf4 g3 35.f5 gxh2+ 36.Kh1 Nf8
37.Qxh2 Qxc3 38.d8=Q Rxd8 39.Rxd8 Kg7 40.Rd6 Ng6 41.f6+  1-0

[Event "DDR-ch 34th"]
[Site "Jueterbog"]
[Date "1985.??.??"]
[Round "?"]
[White "Boensch, Uwe"]
[Black "Knaak, Rainer"]
[Result "1/2-1/2"]
[WhiteElo "2445"]
[BlackElo "2530"]

1.d4 Nf6 2.c4 d6 3.Nc3 Nbd7 4.e4 e5 5.Nf3 g6 6.Be2 Bg7 7.O-O O-O 8.Be3 Ng4
9.Bg5 f6 10.Bc1 Nh6 11.b3 Nf7 12.Qc2 c6 13.Ba3 Re8 14.Rad1 Qc7 15.h3 Nf8
16.b4 f5 17.d5 fxe4 18.Nd2 e3 19.fxe3 e4 20.Qb3 Qe7 21.Rf4 Bf5 22.c5 Qe5
23.Ncxe4 cxd5 24.Nf3 Qe6 25.Nfg5 Nxg5 26.Nxg5 Qxe3+ 27.Qxe3 Rxe3 28.Bf3 Bf6
29.Bxd5+ Kg7 30.Bc1 Re7 31.cxd6 Rd7 32.Ne4 Be5 33.Rff1 Bxe4 34.Bxe4 Bxd6
35.Bb2+ Kh6 36.a3 Rad8 37.Bf6 Bh2+ 38.Kxh2 Rxd1 39.Rf4 g5 40.Rg4 R8d7 41.h4 Rf1
42.hxg5+ Kh5 43.Kg3 Rh1 44.Rf4 Ne6 45.Rf5 Re1 46.Re5 Rxe4 47.Rxe4 Nxg5 48.Re5 h6  1/2-1/2

[Event "DDR-ch 34th"]
[Site "Jueterbog"]
[Date "1985.??.??"]
[Round "?"]
[White "Gruenberg, Hans Ulrich"]
[Black "Casper, Thomas"]
[Result "1-0"]
[WhiteElo "2455"]
[BlackElo "2435"]

1.d4 Nf6 2.c4 d6 3.Nc3 Nbd7 4.e4 e5 5.Nf3 g6 6.Be2 Bg7 7.O-O O-O 8.Be3 Qe7
9.Qc2 c6 10.Rfe1 Ng4 11.Bg5 Bf6 12.Bxf6 Ngxf6 13.Rad1 Re8 14.Bf1 h6 15.Qd2 Kg7
16.Kh1 Nf8 17.h3 N6h7 18.b4 Ng5 19.Ng1 Nfe6 20.d5 cxd5 21.Nxd5 Qd8 22.Qb2 Nd4
23.Ne2 Nge6 24.f4 f6 25.Nec3 Rf8 26.g4 exf4 27.Nxf4 Nxf4 28.Rxd4 h5 29.Qd2 g5
30.Rxd6 Qe7 31.gxh5 Be6 32.e5 Rad8 33.c5 fxe5 34.Rxe5 Qf6 35.Qe1 Rxd6 36.cxd6 Kh8
37.Kh2 Bxh3 38.Bxh3 Nd3 39.Rf5 Nxe1 40.Rxf6  1-0

[Event "DDR-ch 34th"]
[Site "Jueterbog"]
[Date "1985.??.??"]
[Round "?"]
[White "Gruenberg, Hans Ulrich"]
[Black "Hesse, Peter"]
[Result "1/2-1/2"]
[WhiteElo "2455"]
[BlackElo "2355"]

1.d4 Nf6 2.c4 g6 3.Nc3 Bg7 4.e4 d6 5.Be2 O-O 6.Nf3 e5 7.Be3 Nc6 8.d5 Ne7
9.Nd2 Ne8 10.c5 f5 11.f3 Kh8 12.Nc4 Ng8 13.Qd2 b6 14.b4 Qh4+ 15.Bf2 Qe7 16.a4 Bh6
17.Be3 Bxe3 18.Qxe3 bxc5 19.bxc5 Ngf6 20.c6 Ng7 21.Kd2 Ngh5 22.g3 fxe4 23.fxe4 Ng4
24.Bxg4 Bxg4 25.Rhf1 a6 26.Kc2 Bh3 27.Rxf8+ Qxf8 28.Nd2 Nf6 29.Qg5 Qg7 30.Nd1 Rf8
31.Ne3 h5 32.Nd1 Kh7 33.Ra3 Bc8 34.h4 Bg4 35.Rb3 Qf7 36.Qe3 Kg7 37.Rb7 Bc8
38.Rb3 Ng4 39.Qe2 Qe7 40.Rf3 Nf6 41.Rf1 Qd8 42.Nc3 Bh3 43.Rb1 Bc8 44.Nd1 Qe7
45.Qe3 Qf7 46.Nc3 Ng4 47.Qa7 Nf6 48.Rb8 Re8 49.Kc1 Kg8 50.Nd1 Kg7 51.Ne3 Kh6
52.Kb2 Rf8 53.Nec4 Qg7 54.Kc3 Kh7 55.Na5 Kh6 56.Rb7 Rf7 57.Qxa6 Nxd5+ 58.exd5 e4+
59.Kc2 e3 60.Qe2 exd2 61.Qxd2+ Kh7 62.Kb3 Qe5 63.Nc4 Qxg3+ 64.Kb4 Qg1 65.Nxd6 Qb1+
66.Kc4 Qf1+ 67.Kb4 Qb1+ 68.Kc4 Qf1+ 69.Kb4 Qb1+  1/2-1/2

[Event "DDR-ch 34th"]
[Site "Jueterbog"]
[Date "1985.??.??"]
[Round "?"]
[White "Starck, Bodo"]
[Black "Hesse, Peter"]
[Result "1/2-1/2"]
[WhiteElo "2270"]
[BlackElo "2355"]

1.d4 Nf6 2.c4 g6 3.Nc3 Bg7 4.e4 d6 5.Nf3 O-O 6.Be2 e5 7.d5 Nbd7 8.Bg5 h6
9.Bh4 a6 10.Nd2 Qe8 11.g4 Nh7 12.Nf1 Bf6 13.Bxf6 Ndxf6 14.h4 Kg7 15.Ng3 Bd7
16.f3 b5 17.Qd2 Rh8 18.O-O-O Qb8 19.c5 b4 20.Nb1 a5 21.c6 Bc8 22.g5 hxg5
23.hxg5 Ne8 24.f4 Qb6 25.Rdf1 Ba6 26.Bxa6 Qxa6 27.b3 a4 28.Qxb4 axb3 29.axb3 Qd3
30.Qc3 Qxc3+ 31.Nxc3 exf4 32.Rxf4 Nxg5 33.Rxh8 Kxh8 34.Kb2 Kg7 35.b4 Nf6
36.b5 Rh8 37.Nge2 Re8 38.Ng3 Rb8 39.Nge2 Re8 40.Ng3  1/2-1/2

[Event "Kecskemet op"]
[Site "Kecskemet "]
[Date "1985.??.??"]
[Round "5"]
[White "Cserna, Laszlo"]
[Black "Balogh, Bela"]
[Result "1-0"]
[WhiteElo "2400"]
[BlackElo "2295"]

1.d4 Nf6 2.c4 g6 3.Nc3 Bg7 4.e4 d6 5.Nf3 O-O 6.Be2 e5 7.O-O c6 8.d5 c5 9.Bg5 h6
10.Bh4 a5 11.Ne1 Na6 12.h3 Nc7 13.Nc2 Bd7 14.Bg3 Nh7 15.f4 Qe7 16.Bd3 Ne8
17.Qd2 exf4 18.Bxf4 g5 19.Bh2 Be5 20.Ne3 Ng7 21.Rae1 Nf6 22.Nf5 Bxh2+ 23.Kxh2 Qe5+
24.g3 Kh7 25.Nxd6 Nfh5 26.Qf2 Ra6 27.Nf5 Rf6 28.Re3 Re8 29.Rf3 Nxf5 30.exf5 Rb6
31.f6+ Kh8 32.Nd1 a4 33.Qxc5 Rxf6 34.Re3 Qb8 35.Rxf6 Nxf6 36.Qd4 Kg7 37.c5 Qd8
38.Rxe8 Bxe8 39.Ne3 Kf8 40.d6 Bd7 41.Nd5 Kg7 42.Be4 Bc8 43.b4 axb3 44.axb3 h5
45.Qe5  1-0

[Event "Kecskemet op"]
[Site "Kecskemet "]
[Date "1985.??.??"]
[Round "9"]
[White "Lechtynsky, Jiri"]
[Black "Paehtz, Thomas Sr"]
[Result "1-0"]
[WhiteElo "2450"]
[BlackElo "2440"]

1.Nf3 Nf6 2.c4 d6 3.d4 g6 4.Nc3 Bg7 5.e4 O-O 6.Be2 e5 7.O-O Nbd7 8.Re1 c6
9.Bf1 Re8 10.Rb1 h6 11.dxe5 dxe5 12.b4 Qe7 13.h3 Nh5 14.Be3 Nf4 15.g3 Ne6
16.c5 Ndf8 17.Rb2 Rd8 18.Rd2 Rxd2 19.Qxd2 Qf6 20.Qe2 a5 21.b5 Nd7 22.Nh2 Ndxc5
23.Ng4 Qe7 24.Nxh6+ Bxh6 25.Bxh6 Nd4 26.Qd1 Qf6 27.Bg2 Bxh3 28.Bxh3 Nf3+
29.Kg2 Nxe1+ 30.Qxe1 Rd8 31.Qe3 Qd6 32.Qg5 Re8 33.Qh4 Ne6 34.Bg4 Qd8 35.Qxd8 Rxd8
36.bxc6 bxc6 37.Be3 Rd3 38.Nb1 Nd4 39.Kf1 f5 40.exf5 gxf5 41.Bh5 Kg7 42.Bd2 a4
43.Bd1 a3 44.Ke1 Kf6 45.Bc3 c5 46.Ba1 c4 47.Bc3 Nb5 48.Bb4 Kg5 49.Be2 Rd7
50.Nxa3 Nd4 51.Bd1  1-0

[Event "Lloyds Bank op"]
[Site "London"]
[Date "1985.??.??"]
[Round "?"]
[White "Graf, Juergen"]
[Black "Mestel, A Jonathan"]
[Result "0-1"]
[WhiteElo "2355"]
[BlackElo "2535"]

1.d4 Nf6 2.Nf3 g6 3.c4 Bg7 4.Nc3 O-O 5.e4 d6 6.Be2 Nbd7 7.O-O e5 8.d5 Nc5
9.Qc2 a5 10.Bg5 h6 11.Be3 Nfd7 12.Nd2 f5 13.exf5 gxf5 14.f4 exf4 15.Bxf4 Ne5
16.Nf3 Bd7 17.Rae1 Qf6 18.Be3 b6 19.Kh1 Rae8 20.Bg1 Ng4 21.Bd1 f4 22.Nd2 Rxe1
23.Rxe1 Bf5 24.Nde4 Nxe4 25.Nxe4 Qxb2 26.Qxb2 Bxb2 27.Rf1 Ne3 28.Bxe3 fxe3
29.Ng3 Bd3 30.Rxf8+ Kxf8 31.Be2 Bb1 32.Nf1 Bxa2 33.Nxe3 a4  0-1

[Event "Lloyds Bank op"]
[Site "London"]
[Date "1985.??.??"]
[Round "?"]
[White "Wells, Peter K"]
[Black "Kuzmin, Gennadi P"]
[Result "1/2-1/2"]
[WhiteElo "2365"]
[BlackElo "2500"]

1.d4 Nf6 2.Nf3 g6 3.c4 Bg7 4.Nc3 O-O 5.e4 d6 6.Be2 Nbd7 7.O-O e5 8.Be3 h6
9.dxe5 dxe5 10.Nd2 b6 11.b4 Bb7 12.Qc2 Qe7 13.c5 Rfd8 14.Nb3 Nf8 15.b5 Bc8
16.Bc4 Be6 17.Qe2 Bxc4 18.Qxc4 Qe6 19.Qe2 g5 20.Rad1 Ng6 21.Rd3 Rac8 22.Rfd1 Re8
23.f3 Nf4 24.Bxf4 exf4 25.Qc2 bxc5 26.Nd5 c4 27.Qxc4 c6 28.bxc6 Rxc6 29.Qb5 Rcc8
30.Nd4 Qe5 31.Nc6 Qe6 32.Nd4  1/2-1/2

[Event "Lugano op"]
[Site "Lugano"]
[Date "1985.??.??"]
[Round "?"]
[White "Damaso, Rui"]
[Black "Hebden, Mark"]
[Result "1-0"]
[WhiteElo "2400"]
[BlackElo "2455"]

1.Nf3 Nf6 2.d4 g6 3.c4 Bg7 4.Nc3 O-O 5.e4 d6 6.Be2 e5 7.d5 a5 8.Bg5 h6 9.Bh4 Qe8
10.Nd2 Nh7 11.O-O h5 12.f3 Bh6 13.Bf2 Na6 14.b3 Bd7 15.a3 Qe7 16.Qc2 h4 17.Rfd1 Qg5
18.Bf1 Nf6 19.Rab1 Nh5 20.b4 axb4 21.axb4 b6 22.Nb5 Kg7 23.Qc3 Rh8 24.Ra1 f5
25.h3 Rhf8 26.Ra2 Nf4 27.Kh1 Nxb4 28.Rxa8 Nbd3 29.Be3 Rxa8 30.exf5 gxf5 31.Nxc7 Rc8
32.Nb3 Qg3 33.Rxd3 Nxd3 34.Bxh6+ Kxh6 35.Qxd3 Rxc7 36.Qe3+ Kh5 37.Qxb6 Rc8
38.Qxd6 Ba4 39.Qe6 Rf8 40.Qe7 Rb8 41.Qh7+ Kg5 42.Nc5 Rb1 43.Ne6+ Kf6 44.Qh8+  1-0

[Event "Lugano op"]
[Site "Lugano"]
[Date "1985.??.??"]
[Round "1"]
[White "Sosonko, Gennadi"]
[Black "Durao, Joaquim"]
[Result "1-0"]
[WhiteElo "2535"]
[BlackElo "2250"]

1.d4 Nf6 2.c4 g6 3.Nc3 Bg7 4.e4 d6 5.Nf3 O-O 6.Be2 e5 7.O-O Nbd7 8.Re1 c6
9.Bf1 Re8 10.d5 Qe7 11.b4 Nh5 12.g3 c5 13.a3 Rf8 14.Nd2 Bh6 15.Bb2 b6 16.Nb5 Ndf6
17.Bg2 Ne8 18.Nf1 Neg7 19.Qb3 a6 20.Nc3 Bd7 21.a4 Rab8 22.Ba3 f5 23.Rab1 Qe8
24.Qd1 Qe7 25.a5 Rfc8 26.exf5 Bxf5 27.Ne4 cxb4 28.Rxb4 Bxe4 29.Bxe4 bxa5
30.Rxb8 Rxb8 31.c5 Ne8 32.c6 Nhf6 33.Bg2 Nc7 34.f4 e4 35.Nd2 Nb5 36.Bb2 Qa7+
37.Kh1 Nd4 38.Bxd4 Qxd4 39.Nxe4 Qxd1 40.Nxf6+ Kf7 41.Rxd1 Kxf6 42.Bh3  1-0

[Event "Lugano op"]
[Site "Lugano"]
[Date "1985.??.??"]
[Round "7"]
[White "Spraggett, Kevin"]
[Black "Sax, Gyula"]
[Result "1/2-1/2"]
[WhiteElo "2560"]
[BlackElo "2565"]

1.Nf3 Nf6 2.c4 g6 3.Nc3 Bg7 4.e4 d6 5.d4 O-O 6.Be2 e5 7.Be3 Ng4 8.Bg5 f6
9.Bc1 Nc6 10.h3 Nh6 11.O-O Nxd4 12.Nxd4 exd4 13.Qxd4 f5 14.Qd5+ Kh8 15.c5 f4
16.cxd6 cxd6 17.Nb5 Be5 18.Bd2 Nf7 19.Rfd1 Qf6 20.Bc3 Be6 21.Qd2 Rad8 22.Nd4 Ng5
23.Nxe6 Nxe6 24.Rac1 Ng5 25.f3 Ne6 26.Bc4 Nc5 27.Bd5 b6 28.Bxe5 dxe5 29.b4 Na6
30.a3 Qe7 31.Rc6 Nc7 32.Qc3 Nb5 33.Qb2 Rf6 34.Rxf6 Qxf6 35.Rc1 Qe7 36.Kh1  1/2-1/2

[Event "WchT U26"]
[Site "Mendoza"]
[Date "1985.??.??"]
[Round "6"]
[White "Dlugy, Maxim"]
[Black "Lobron, Eric"]
[Result "1/2-1/2"]
[WhiteElo "2485"]
[BlackElo "2505"]

1.d4 d6 2.c4 e5 3.Nf3 Nd7 4.e4 Ngf6 5.Nc3 g6 6.Be2 Bg7 7.O-O O-O 8.Be3 h6
9.h3 exd4 10.Nxd4 Re8 11.f3 Nh5 12.Qd2 Kh7 13.Rfe1 Ng3 14.Bf2 Nxe2+ 15.Rxe2 Ne5
16.b3 Bxh3 17.f4 Bg4 18.fxe5 Bxe2 19.Qxe2 Rxe5 20.Qf3 Qd7 21.Nde2 f5 22.exf5 Rxf5
23.Qxb7 Raf8 24.Bd4 Qe7 25.Qe4 Bxd4+ 26.Qxd4 Re5 27.Rf1 c5 28.Qg4 h5 29.Qh3 Re3
30.Qh2 Rxf1+ 31.Kxf1 Qf6+ 32.Kg1 Rxc3 33.Nxc3 Qd4+ 34.Kh1 Qxc3 35.Qxd6 Qe1+  1/2-1/2

[Event "WchT U26"]
[Site "Mendoza"]
[Date "1985.??.??"]
[Round "6"]
[White "Bischoff, Klaus"]
[Black "Wilder, Michael"]
[Result "0-1"]
[WhiteElo "2415"]
[BlackElo "2460"]

1.d4 Nf6 2.Nf3 g6 3.c4 Bg7 4.Nc3 O-O 5.e4 d6 6.Be2 e5 7.d5 Nbd7 8.Bg5 h6
9.Bh4 g5 10.Bg3 Nh5 11.h4 g4 12.Nh2 Nxg3 13.fxg3 h5 14.O-O Bh6 15.Bd3 Nc5
16.Qe2 c6 17.Kh1 a5 18.Rf2 Kg7 19.Rd1 Bf4 20.gxf4 g3 21.Nf3 exf4 22.Rff1 Bg4
23.Nb1 Bxf3 24.gxf3 Qxh4+ 25.Kg1 Rae8 26.Nc3 Rh8 27.Bb1 Re5 28.Qg2 Qd8 29.Ne2 h4
30.Nxf4 h3 31.Nxh3 Qb6 32.Qxg3+ Kf8 33.Kh2 Reh5 34.Qxd6+ Ke8 35.Kg3 Rxh3+
36.Kf4 R3h4+ 37.Ke3 Nxe4+ 38.c5 Nxc5 39.Rfe1 Ne6+ 40.Kd3 Qd4+  0-1

[Event "WchT U26"]
[Site "Mendoza"]
[Date "1985.??.??"]
[Round "11"]
[White "Eng, Holger"]
[Black "Mahia, Gustavo"]
[Result "1-0"]
[WhiteElo "2345"]
[BlackElo "2305"]

1.d4 Nf6 2.Nf3 g6 3.c4 Bg7 4.Nc3 d6 5.e4 O-O 6.Be2 e5 7.Be3 Nbd7 8.O-O Ng4
9.Bg5 f6 10.Bc1 Nh6 11.h3 c6 12.dxe5 dxe5 13.Be3 Qe7 14.Qd2 Nf7 15.Ne1 Nc5
16.Rd1 Ne6 17.Bg4 Rd8 18.Qc1 Nd4 19.Bxc8 Raxc8 20.Nc2 Nxc2 21.Qxc2 b6 22.Qa4 Qb7
23.c5 Bf8 24.Qb3 b5 25.a4 a6 26.axb5 axb5 27.Na2 Kg7 28.Nb4 Qe7 29.Ra1 Rd7
30.Ra6 Nd8 31.Rfa1 Qf7 32.Qc3 Kg8 33.Rb6 Ra7 34.Rxa7 Qxa7 35.Qb3+ Qf7 36.Qd1 Qe8
37.Ra6 Qf7 38.Qg4 Qe6 39.Nd5 Qxg4 40.Nxf6+ Kf7 41.Nxg4 Ke6 42.b4 Rc7 43.Kf1 Be7
44.Ke2 Nf7 45.f3 Bh4 46.Bf2 Bg5 47.h4 Be7 48.Bg3 h5 49.Nf2 Bf6 50.Nd3 Bd8
51.f4 Rc8 52.fxe5 g5 53.hxg5 Bxg5 54.Bh2 Rc7 55.Ne1 Nxe5 56.Nf3 Bf6 57.Ra8 Re7
58.Nd4+ Kf7 59.Bxe5 Rxe5 60.Kf3 Re8 61.Rxe8 Kxe8 62.Nxc6 Bc3 63.Na7 Bxb4
64.c6  1-0

[Event "DEN-ch"]
[Site "Naestved"]
[Date "1985.??.??"]
[Round "?"]
[White "Hartung Nielsen, Jens"]
[Black "Kristiansen, Jens"]
[Result "1/2-1/2"]
[WhiteElo "2245"]
[BlackElo "2455"]

1.d4 g6 2.Nf3 Bg7 3.c4 d6 4.Nc3 Nf6 5.e4 O-O 6.Be2 e5 7.Be3 Nbd7 8.O-O h6
9.Ne1 Qe7 10.f3 c6 11.d5 c5 12.Nd3 b6 13.b4 Nh5 14.bxc5 Nxc5 15.Nb4 Nf4 16.Kh1 f5
17.Nc6 Qd7 18.Qd2 Bb7 19.Nb4 Rf7 20.Nd3 Nfxd3 21.Bxd3 f4 22.Bxc5 bxc5 23.Bc2 Raf8
24.Rfb1 g5 25.Ba4 Qd8 26.Bc6 Bc8 27.Rb8 g4 28.Rab1 Qh4 29.Qe1 Qh5 30.Qf1 gxf3
31.gxf3 Bf6 32.Nb5 Bh3 33.Rxf8+ Kxf8 34.Qe2 Be7 35.Nc7 Qh4 36.Ne6+ Kg8 37.Be8 Rf6
38.Rg1+ Kh8 39.Bg6 Bxe6 40.dxe6 Rxe6 41.Rg4  1/2-1/2

[Event "Naleczow"]
[Site "Naleczow"]
[Date "1985.??.??"]
[Round "12"]
[White "Lukacs, Peter"]
[Black "Hawelko, Marek"]
[Result "1-0"]
[WhiteElo "2465"]
[BlackElo "2420"]

1.d4 g6 2.c4 Bg7 3.Nc3 d6 4.e4 Nd7 5.Nf3 e5 6.Be2 Ngf6 7.O-O O-O 8.Be3 h6
9.d5 a5 10.Nd2 Nh7 11.a3 f5 12.f3 f4 13.Bf2 Bf6 14.b4 Bh4 15.Bxh4 Qxh4 16.Rc1 axb4
17.axb4 Qd8 18.c5 dxc5 19.bxc5 Nxc5 20.Nb5 b6 21.Nc4 Qg5 22.Nxc7 Bh3 23.Rf2 Nxe4
24.fxe4 f3 25.Bxf3 Rac8 26.Nd2 Nf6 27.Ne6 Bxe6 28.dxe6 Qe3 29.e7 Rfe8 30.Rxc8 Rxc8
31.Nc4 Rxc4 32.e8=Q+ Nxe8 33.Qd5+  1-0

[Event "JUG-ch"]
[Site "Novi Sad"]
[Date "1985.??.??"]
[Round "?"]
[White "Damljanovic, Branko"]
[Black "Kobas, Adnan"]
[Result "1-0"]
[WhiteElo "2410"]
[BlackElo "2320"]

1.Nf3 Nf6 2.d4 g6 3.c4 Bg7 4.Nc3 O-O 5.e4 d6 6.Be2 e5 7.Be3 Bg4 8.d5 Nfd7
9.O-O f5 10.Ng5 f4 11.Bxg4 Qxg5 12.Bd2 h5 13.Be6+ Kh8 14.b4 Qe7 15.f3 Nf6
16.Be1 Nh7 17.Bf2 Ng5 18.c5 Na6 19.Qb3 dxc5 20.b5 Nb8 21.a4 Re8 22.Rfd1 Bf8
23.h4 Nf7 24.a5 b6 25.d6 Nxd6 26.Bd5 Nd7 27.Bxa8 Rxa8 28.axb6 cxb6 29.Qd5 Qe8
30.Ra6 Nf6 31.Qb3 Nb7 32.Rda1 Na5 33.R1xa5 bxa5 34.Rxf6  1-0

[Event "JUG-ch"]
[Site "Novi Sad"]
[Date "1985.??.??"]
[Round "?"]
[White "Kovacevic, Vlatko"]
[Black "Rukavina, Josip"]
[Result "1/2-1/2"]
[WhiteElo "2530"]
[BlackElo "2470"]

1.d4 Nf6 2.Nf3 d6 3.c4 g6 4.Nc3 Bg7 5.e4 O-O 6.Be2 Nbd7 7.O-O e5 8.Re1 c6
9.Bf1 exd4 10.Nxd4 Re8 11.Rb1 a5 12.b3 Nc5 13.f3 Nh5 14.g4 Ne6 15.Be3 Nhf4
16.Nce2 Nxd4 17.Bxd4 Nxe2+ 18.Rxe2 Be5 19.Rd2 Qf6 20.Rd3 Be6 21.Rb2 c5 22.Bxe5 dxe5
23.Rbd2 h5 24.h3 Kg7 25.Rd6 Rh8 26.Bg2 Rae8 27.a4 Qg5 28.R2d3 Ra8 29.Qa1 h4
30.Qc3 Rhe8 31.Kf1 Kf8 32.Ke2 Kg8 33.Qb2 Rab8 34.Qa1 b6 35.Qc3 Kf8  1/2-1/2

[Event "Nordic-chT"]
[Site "Pohja"]
[Date "1985.??.??"]
[Round "?"]
[White "Eng, Holger"]
[Black "Nowak, Ignacy"]
[Result "0-1"]
[WhiteElo "2380"]
[BlackElo "2435"]

1.Nf3 Nf6 2.c4 g6 3.Nc3 Bg7 4.e4 d6 5.d4 O-O 6.Be2 e5 7.Be3 h6 8.dxe5 Ng4
9.exd6 Nxe3 10.fxe3 cxd6 11.O-O Nc6 12.Qd2 Be6 13.Nd5 Re8 14.Rad1 Rc8 15.b3 Bg4
16.h3 Bd7 17.Bd3 Ne5 18.Nxe5 Bxe5 19.Qf2 Rf8 20.Be2 h5 21.Nf4 Qe7 22.Nd3 Bg7
23.Bf3 b5 24.e5 dxe5 25.Bd5 bxc4 26.bxc4 e4 27.Nf4 Kh7 28.Bxe4 Ba4 29.Bc2 Rxc4
30.Bxa4 Rxa4 31.Nd5 Qe4 32.Qd2 Qe6 33.Rf4 Rxf4 34.Nxf4 Qe5 35.Nd5 Rb8 36.Qf2 Qe6
37.e4 Rb2  0-1

[Event "Rubinstein mem"]
[Site "Polanica Zdroj"]
[Date "1985.??.??"]
[Round "1"]
[White "Cvitan, Ognjen"]
[Black "Nowak, Ignacy"]
[Result "1-0"]
[WhiteElo "2465"]
[BlackElo "2395"]

1.Nf3 Nf6 2.c4 g6 3.Nc3 Bg7 4.d4 O-O 5.e4 d6 6.Be2 e5 7.Be3 h6 8.h3 exd4
9.Nxd4 Re8 10.f3 Nh5 11.g4 Ng3 12.Rg1 Nxe2 13.Qxe2 c5 14.Nc2 Nc6 15.Rd1 Be6
16.Bxc5 Qa5 17.Bxd6 Bxc3+ 18.bxc3 Qxc3+ 19.Rd2 Bxc4 20.Qe3 Qf6 21.Kf2 Rad8
22.Rgd1 Re6 23.Ba3 Rxd2+ 24.Rxd2 g5 25.Nd4 Nxd4 26.Rxd4 b5 27.Bb2 Kh7 28.Qd2 Qf4
29.Qxf4 gxf4 30.Rd8 f6 31.Rd7+ Kg6 32.Rxa7 Rc6 33.Bc1 Bxa2 34.Bxf4 Bb3 35.Rb7 Bd1
36.h4 h5 37.gxh5+ Kxh5 38.Rxb5+ Kg6 39.h5+ Kh7 40.Rb7+ Kg8 41.Rb1 Rc2+ 42.Kg3 Be2
43.Rb8+ Kh7 44.Rb7+ Kg8 45.Be3 Rc3 46.Kf4 Rd3 47.Ra7 Bd1 48.h6 Be2 49.Rg7+ Kh8
50.Rc7 Kg8 51.Rg7+ Kh8 52.Rf7 Rd6 53.Kg3 Kg8 54.Ra7 Rd3 55.Kf2 Bd1 56.Rg7+ Kh8
57.Rf7 Rd6 58.Bc5  1-0

[Event "Rubinstein mem"]
[Site "Polanica Zdroj"]
[Date "1985.??.??"]
[Round "11"]
[White "Schmidt, Wlodzimierz"]
[Black "Cvitan, Ognjen"]
[Result "1/2-1/2"]
[WhiteElo "2475"]
[BlackElo "2465"]

1.d4 Nf6 2.c4 g6 3.Nc3 Bg7 4.e4 d6 5.Be2 O-O 6.Nf3 e5 7.Be3 Nbd7 8.O-O h6
9.h3 exd4 10.Bxd4 Re8 11.Qc2 Nc5 12.e5 Bf5 13.Qd1 Nfe4 14.Nxe4 Bxe4 15.exd6 Qxd6
16.Bxg7 Qxd1 17.Raxd1  1/2-1/2

[Event "Rubinstein mem"]
[Site "Polanica Zdroj"]
[Date "1985.??.??"]
[Round "13"]
[White "Groszpeter, Attila"]
[Black "Nowak, Ignacy"]
[Result "1/2-1/2"]
[WhiteElo "2470"]
[BlackElo "2395"]

1.d4 Nf6 2.c4 g6 3.Nc3 Bg7 4.e4 d6 5.Be2 O-O 6.Nf3 e5 7.Be3 Ng4 8.Bg5 f6
9.Bh4 Nc6 10.d5 Ne7 11.Nd2 Nh6 12.f3 f5 13.Qc2 Kh8 14.O-O-O Qd7 15.g4 fxg4
16.fxg4 Nf7 17.Bg3 g5 18.Nf1 Ng6 19.Ne3 Bf6 20.Nf5 Qd8 21.Kb1 Bd7 22.Rc1 Rg8
23.Nd1 Nf4 24.Nde3 Qf8 25.Rhd1 Nh6 26.Bf1  1/2-1/2

[Event "DSV-Turnier"]
[Site "Potsdam"]
[Date "1985.??.??"]
[Round "1"]
[White "Uhlmann, Wolfgang"]
[Black "Vogt, Lothar"]
[Result "1/2-1/2"]
[WhiteElo "2470"]
[BlackElo "2460"]

1.c4 e5 2.Nc3 Nf6 3.Nf3 d6 4.d4 Nbd7 5.e4 g6 6.Be2 Bg7 7.O-O O-O 8.Be3 c6
9.Qc2 h6 10.Rad1 Qe7 11.b4 Re8 12.dxe5 dxe5 13.c5 a5 14.a3 axb4 15.axb4 Ng4
16.Bc1 b6  1/2-1/2

[Event "DSV-Turnier"]
[Site "Potsdam"]
[Date "1985.??.??"]
[Round "4"]
[White "Chekhov, Valery A"]
[Black "Knaak, Rainer"]
[Result "1/2-1/2"]
[WhiteElo "2495"]
[BlackElo "2530"]

1.d4 Nf6 2.c4 d6 3.Nf3 g6 4.Nc3 Nbd7 5.e4 e5 6.Be2 Bg7 7.O-O O-O 8.Be3 c6
9.d5 Ng4 10.Bg5 f6 11.Bd2 f5 12.Bg5 Ndf6 13.h3 Nh6 14.dxc6 bxc6 15.c5 Nf7
16.Bc4 d5 17.exd5  1/2-1/2

[Event "DSV-Turnier"]
[Site "Potsdam"]
[Date "1985.??.??"]
[Round "11"]
[White "Agzamov, Georgy"]
[Black "Chekhov, Valery A"]
[Result "1-0"]
[WhiteElo "2590"]
[BlackElo "2495"]

1.d4 Nf6 2.c4 d6 3.Nc3 Nbd7 4.e4 e5 5.Nf3 g6 6.Be2 Bg7 7.O-O O-O 8.Qc2 c6
9.Rd1 Qe7 10.b4 exd4 11.Nxd4 Re8 12.f3 d5 13.exd5 cxd5 14.c5 a5 15.Ncb5 Nf8
16.Nd6 Rd8 17.bxa5 Rxa5 18.Bb2 Nh5 19.Nb3 Qe3+ 20.Kf1 Bxb2 21.Qxb2 Ra4 22.Rd3 Qg5
23.Qh8+ Kxh8 24.Nxf7+ Kg7 25.Nxg5 Re8 26.Rd4 Rxd4 27.Nxd4 Nf4 28.Bb5 Re5
29.g3 Rxg5 30.gxf4 Rh5 31.Kg2 Rh4 32.Ne2 Ne6 33.Kg3 Rh5 34.c6 bxc6 35.Bxc6 Ba6
36.Nc3 Nd4 37.Bd7 Ne2+ 38.Nxe2 Bxe2 39.Bg4 Rh6 40.Re1 Bc4 41.a4 g5  1-0

[Event "DSV-Turnier"]
[Site "Potsdam"]
[Date "1985.??.??"]
[Round "11"]
[White "Boensch, Uwe"]
[Black "Knaak, Rainer"]
[Result "0-1"]
[WhiteElo "2445"]
[BlackElo "2530"]

1.d4 Nf6 2.c4 d6 3.Nc3 Nbd7 4.e4 e5 5.Nf3 g6 6.Be2 Bg7 7.O-O O-O 8.Be3 Ng4
9.Bg5 f6 10.Bc1 Kh8 11.d5 a5 12.Ne1 Nh6 13.Nd3 f5 14.f4 exf4 15.Nxf4 Nc5
16.Bf3 Be5 17.g3 g5 18.Nh3 f4 19.g4 Nf7 20.Nb5 Bd7 21.Nd4 Qf6 22.Nf5 Bxf5
23.gxf5 Bxb2 24.Bxb2 Qxb2 25.Rc1 Qf6 26.Rc2 Ne5 27.Kh1 Rae8 28.Bh5 Re7 29.Nf2 Qh6
30.Rc3 Rg7 31.Rh3 Qf6 32.Rg1 Rfg8 33.Be2 g4 34.Bxg4 Nxg4 35.Rxg4 Rxg4 36.Nxg4 Qg7
37.Rh4 Nxe4 38.Kg2 Qb2+ 39.Kf3 Rxg4  0-1

[Event "DSV-Turnier"]
[Site "Potsdam"]
[Date "1985.??.??"]
[Round "13"]
[White "Garcia Gonzales, Guillermo"]
[Black "Knaak, Rainer"]
[Result "1/2-1/2"]
[WhiteElo "2440"]
[BlackElo "2530"]

1.d4 Nf6 2.c4 d6 3.Nc3 Nbd7 4.e4 e5 5.Nf3 g6 6.Be2 Bg7 7.O-O O-O 8.Qc2 c6
9.Rd1 exd4 10.Nxd4 Re8 11.Bg5 h6 12.Bh4  1/2-1/2